[Event "XLIV Memoriał Szachowy Ludwika Zamenhofa 2025, Grupa B"]
[Site "Bialystok, Poland"]
[Date "2025.12.29"]
[Round "5.25"]
[White "Fudala, Dominik"]
[Black "Poreba, Jan"]
[Result "1/2-1/2"]
[TimeControl "90'+30\""]
[WhiteElo "1877"]
[BlackElo "1619"]

1. e4 {[%clk 01:30:57]} {[%emt 00:00:03]} e5 {[%clk 01:30:55]} {[%emt
00:00:06]} 2. Nf3 {[%clk 01:31:20]} {[%emt 00:00:06]} Nc6 {[%clk 01:31:18]}
{[%emt 00:00:08]} 3. Bb5 {[%clk 01:31:42]} {[%emt 00:00:08]} a6 {[%clk
01:31:42]} {[%emt 00:00:06]} 4. Ba4 {[%clk 01:32:03]} {[%emt 00:00:09]} Nf6
{[%clk 01:32:05]} {[%emt 00:00:07]} 5. O-O {[%clk 01:32:14]} {[%emt 00:00:19]}
Bc5 {[%clk 01:32:24]} {[%emt 00:00:11]} 6. d3 {[%clk 01:32:21]} {[%emt
00:00:23]} b5 {[%clk 01:32:26]} {[%emt 00:00:29]} 7. Bb3 {[%clk 01:32:42]}
{[%emt 00:00:09]} h6 {[%clk 01:32:25]} {[%emt 00:00:31]} 8. a4 {[%clk
01:30:54]} {[%emt 00:02:18]} Bb7 {[%clk 01:29:50]} {[%emt 00:03:04]} 9. Nc3
{[%clk 01:29:04]} {[%emt 00:02:20]} b4 {[%clk 01:28:59]} {[%emt 00:01:21]} 10.
Nd5 {[%clk 01:28:55]} {[%emt 00:00:39]} a5 {[%clk 01:29:09]} {[%emt 00:00:21]}
11. Be3 {[%clk 01:28:30]} {[%emt 00:00:54]} Ba7 {[%clk 01:24:29]} {[%emt
00:05:10]} 12. Bxa7 {[%clk 01:24:59]} {[%emt 00:04:00]} Rxa7 {[%clk 01:24:23]}
{[%emt 00:00:37]} 13. c3 {[%clk 01:25:14]} {[%emt 00:00:15]} bxc3 {[%clk
01:20:34]} {[%emt 00:04:20]} 14. bxc3 {[%clk 01:25:22]} {[%emt 00:00:21]} O-O
{[%clk 01:20:46]} {[%emt 00:00:18]} 15. Qc2 {[%clk 01:19:42]} {[%emt 00:06:09]}
d6 {[%clk 01:19:21]} {[%emt 00:01:55]} 16. Rab1 {[%clk 01:15:04]} {[%emt
00:05:07]} Ba6 {[%clk 01:16:32]} {[%emt 00:03:20]} 17. Rfe1 {[%clk 01:05:08]}
{[%emt 00:10:26]} Nxd5 18. Bxd5 {[%clk 01:05:10]} Ne7 {[%clk 01:14:45]} {[%emt
00:00:16]} 19. Ba2 {[%clk 01:05:22]} {[%emt 00:00:18]} Qd7 {[%clk 01:10:53]}
{[%emt 00:04:23]} 20. d4 {[%clk 00:50:04]} {[%emt 00:15:48]} exd4 {[%clk
01:08:40]} {[%emt 00:02:43]} 21. Nxd4 {[%clk 00:49:40]} {[%emt 00:00:54]} Rb7
{[%clk 01:06:41]} {[%emt 00:02:28]} 22. e5 {[%clk 00:33:42]} {[%emt 00:16:28]}
dxe5 {[%clk 01:03:11]} {[%emt 00:04:01]} 23. Rxe5 {[%clk 00:32:33]} {[%emt
00:01:38]} Rxb1+ {[%clk 00:55:33]} {[%emt 00:08:09]} 24. Bxb1 {[%clk 00:32:39]}
{[%emt 00:00:24]} Ng6 {[%clk 00:54:22]} {[%emt 00:01:41]} 25. h3 {[%clk
00:16:19]} {[%emt 00:16:49]} Re8 {[%clk 00:52:08]} {[%emt 00:02:44]} 26. Rxe8+
{[%clk 00:10:34]} {[%emt 00:06:16]} Qxe8 {[%clk 00:52:32]} {[%emt 00:00:06]} 27.
Ba2 {[%clk 00:09:16]} {[%emt 00:01:49]} Qe1+ {[%clk 00:47:54]} {[%emt
00:05:07]} 28. Kh2 {[%clk 00:09:30]} {[%emt 00:00:16]} Qe5+ {[%clk 00:48:04]}
{[%emt 00:00:20]} 29. Kg1 {[%clk 00:08:34]} {[%emt 00:01:25]} Qe1+ {[%clk
00:47:52]} {[%emt 00:00:42]} 30. Kh2 {[%clk 00:08:54]} {[%emt 00:00:09]} Qe5+
{[%clk 00:48:13]} {[%emt 00:00:09]} 1/2-1/2

[Event "XLIV Memoriał Szachowy Ludwika Zamenhofa 2025, Grupa B"]
[Site "Bialystok, Poland"]
[Date "2025.12.29"]
[Round "5.26"]
[White "Krzyzosiak, Marta"]
[Black "Sucharski, Jakub"]
[Result "1-0"]
[TimeControl "90'+30\""]
[WhiteElo "1793"]
[BlackElo "1871"]

1. Nf3 {[%clk 01:30:55]} {[%emt 00:00:04]} d5 {[%clk 01:24:25]} {[%emt
00:06:36]} 2. g3 {[%clk 01:31:19]} {[%emt 00:00:06]} c5 {[%clk 01:24:45]}
{[%emt 00:00:10]} 3. Bg2 {[%clk 01:31:43]} {[%emt 00:00:06]} Nc6 {[%clk
01:25:07]} {[%emt 00:00:09]} 4. d3 {[%clk 01:32:05]} {[%emt 00:00:07]} Nf6
{[%clk 01:25:25]} {[%emt 00:00:13]} 5. O-O {[%clk 01:32:26]} {[%emt 00:00:09]}
e5 {[%clk 01:25:23]} {[%emt 00:00:32]} 6. c3 {[%clk 01:31:50]} {[%emt
00:01:06]} Bd6 {[%clk 01:25:24]} {[%emt 00:00:30]} 7. Nbd2 {[%clk 01:31:36]}
{[%emt 00:00:44]} O-O {[%clk 01:25:29]} {[%emt 00:00:25]} 8. e4 {[%clk
01:31:26]} {[%emt 00:00:39]} d4 {[%clk 01:25:08]} {[%emt 00:00:51]} 9. c4
{[%clk 01:25:45]} {[%emt 00:06:11]} h6 {[%clk 01:07:30]} {[%emt 00:18:07]} 10.
Nh4 {[%clk 01:12:54]} {[%emt 00:13:22]} Bc7 {[%clk 00:58:42]} {[%emt 00:09:18]}
11. Nf5 {[%clk 00:58:02]} {[%emt 00:15:22]} Ne7 {[%clk 00:57:50]} {[%emt
00:01:23]} 12. Qf3 {[%clk 00:45:49]} {[%emt 00:12:41]} Ne8 {[%clk 00:48:23]}
{[%emt 00:09:57]} 13. g4 {[%clk 00:40:43]} {[%emt 00:05:36]} Bd7 {[%clk
00:42:21]} {[%emt 00:06:33]} 14. Qg3 {[%clk 00:29:41]} {[%emt 00:11:32]} Ng6
{[%clk 00:41:17]} {[%emt 00:01:34]} 15. Nf3 {[%clk 00:27:48]} {[%emt 00:02:23]}
Nf4 {[%clk 00:41:00]} {[%emt 00:00:48]} 16. Bxf4 {[%clk 00:27:36]} {[%emt
00:00:41]} exf4 {[%clk 00:41:17]} {[%emt 00:00:13]} 17. Qh3 {[%clk 00:25:15]}
{[%emt 00:02:51]} Nd6 {[%clk 00:38:00]} {[%emt 00:03:48]} 18. Nxh6+ {[%clk
00:16:56]} {[%emt 00:08:49]} gxh6 {[%clk 00:38:08]} {[%emt 00:00:22]} 19. Qxh6
{[%clk 00:17:22]} {[%emt 00:00:03]} Qe7 {[%clk 00:34:12]} {[%emt 00:04:26]} 20.
e5 {[%clk 00:16:25]} {[%emt 00:01:28]} Ne8 {[%clk 00:33:42]} {[%emt 00:00:59]}
21. Ng5 {[%clk 00:16:39]} {[%emt 00:00:16]} Qxg5 {[%clk 00:28:35]} {[%emt
00:05:37]} 22. Qxg5+ {[%clk 00:16:51]} {[%emt 00:00:18]} Ng7 {[%clk 00:28:56]}
{[%emt 00:00:09]} 23. Qxf4 {[%clk 00:16:07]} {[%emt 00:01:13]} Bc6 {[%clk
00:28:24]} {[%emt 00:01:03]} 24. Bxc6 {[%clk 00:15:53]} {[%emt 00:00:44]} bxc6
{[%clk 00:28:52]} {[%emt 00:00:02]} 25. Qf6 {[%clk 00:14:42]} {[%emt 00:01:39]}
Rac8 {[%clk 00:27:42]} {[%emt 00:01:41]} 26. f4 {[%clk 00:14:53]} {[%emt
00:00:19]} Kh7 {[%clk 00:27:19]} {[%emt 00:00:52]} 27. Rf3 {[%clk 00:15:02]}
{[%emt 00:00:22]} Bd8 {[%clk 00:26:50]} {[%emt 00:00:59]} 28. Rh3+ {[%clk
00:15:26]} {[%emt 00:00:06]} Kg8 {[%clk 00:27:18]} {[%emt 00:00:02]} 29. Qh6
{[%clk 00:15:49]} {[%emt 00:00:07]} Bg5 {[%clk 00:27:29]} {[%emt 00:00:19]} 30.
Qh7# {[%clk 00:16:13]} {[%emt 00:00:06]} 1-0

[Event "XLIV Memoriał Szachowy Ludwika Zamenhofa 2025, Grupa B"]
[Site "Bialystok, Poland"]
[Date "2025.12.29"]
[Round "5.27"]
[White "Wnorowski, Lukasz"]
[Black "Markowski, Adam"]
[Result "1-0"]
[TimeControl "90'+30\""]
[WhiteElo "1616"]
[BlackElo "1868"]

1. e4 {[%clk 01:30:42]} {[%emt 00:00:17]} e6 {[%clk 01:30:58]} {[%emt
00:00:03]} 2. d4 {[%clk 01:31:03]} {[%emt 00:00:09]} d5 {[%clk 01:31:20]}
{[%emt 00:00:07]} 3. Nc3 {[%clk 01:31:28]} {[%emt 00:00:05]} Nf6 {[%clk
01:31:46]} {[%emt 00:00:04]} 4. Bg5 {[%clk 01:31:34]} {[%emt 00:00:23]} dxe4
{[%clk 01:32:08]} {[%emt 00:00:08]} 5. Nxe4 {[%clk 01:31:33]} {[%emt 00:00:32]}
Nbd7 {[%clk 01:32:34]} {[%emt 00:00:04]} 6. Nf3 {[%clk 01:31:17]} {[%emt
00:00:46]} h6 {[%clk 01:32:58]} {[%emt 00:00:06]} 7. Nxf6+ {[%clk 01:31:37]}
{[%emt 00:00:09]} Nxf6 {[%clk 01:33:15]} {[%emt 00:00:13]} 8. Be3 {[%clk
01:31:50]} {[%emt 00:00:18]} Bd6 {[%clk 01:32:42]} {[%emt 00:01:03]} 9. Be2
{[%clk 01:28:14]} {[%emt 00:04:07]} O-O {[%clk 01:32:33]} {[%emt 00:00:38]} 10.
O-O {[%clk 01:28:07]} {[%emt 00:00:37]} b6 {[%clk 01:31:52]} {[%emt 00:01:11]}
11. c4 {[%clk 01:27:07]} {[%emt 00:01:29]} Qe7 {[%clk 01:31:20]} {[%emt
00:01:02]} 12. Qc2 {[%clk 01:26:06]} {[%emt 00:01:32]} c5 {[%clk 01:31:16]}
{[%emt 00:00:34]} 13. dxc5 {[%clk 01:23:34]} {[%emt 00:03:02]} Bxc5 {[%clk
01:30:32]} {[%emt 00:01:14]} 14. Bxc5 {[%clk 01:22:48]} {[%emt 00:01:17]} Qxc5
{[%clk 01:30:50]} {[%emt 00:00:11]} 15. a3 {[%clk 01:22:05]} {[%emt 00:01:13]}
Bb7 {[%clk 01:29:40]} {[%emt 00:01:40]} 16. b4 {[%clk 01:21:53]} {[%emt
00:00:42]} Qc7 {[%clk 01:29:27]} {[%emt 00:00:43]} 17. Nd2 {[%clk 01:19:42]}
{[%emt 00:02:41]} Rac8 {[%clk 01:27:21]} {[%emt 00:02:35]} 18. Rac1 {[%clk
01:17:34]} {[%emt 00:02:38]} Rfd8 {[%clk 01:21:03]} {[%emt 00:06:48]} 19. Bf3
{[%clk 01:14:20]} {[%emt 00:03:44]} Ba6 {[%clk 01:17:26]} {[%emt 00:04:08]} 20.
Rfd1 {[%clk 01:12:13]} {[%emt 00:02:36]} Rd4 {[%clk 01:13:05]} {[%emt
00:04:52]} 21. Qb2 {[%clk 01:09:31]} {[%emt 00:03:12]} Rcd8 {[%clk 01:11:02]}
{[%emt 00:02:33]} 22. Qc2 {[%clk 00:55:06]} {[%emt 00:14:55]} Ng4 {[%clk
01:04:18]} {[%emt 00:07:14]} 23. Bxg4 {[%clk 00:45:30]} {[%emt 00:10:06]} Rxg4
{[%clk 01:04:10]} {[%emt 00:00:38]} 24. c5 {[%clk 00:43:24]} {[%emt 00:02:36]}
bxc5 {[%clk 01:01:33]} {[%emt 00:03:07]} 25. bxc5 {[%clk 00:43:15]} {[%emt
00:00:40]} Qc6 {[%clk 00:59:53]} {[%emt 00:02:09]} 26. Nf3 {[%clk 00:43:01]}
{[%emt 00:00:44]} Rc8 {[%clk 00:57:42]} {[%emt 00:02:41]} 27. h3 {[%clk
00:41:57]} {[%emt 00:01:33]} Rc4 {[%clk 00:55:46]} {[%emt 00:02:27]} 28. Qxc4
{[%clk 00:35:14]} {[%emt 00:07:12]} Bxc4 {[%clk 00:55:57]} {[%emt 00:00:19]} 29.
Rxc4 {[%clk 00:35:40]} {[%emt 00:00:04]} f6 {[%clk 00:52:20]} {[%emt 00:04:07]}
30. Nd4 {[%clk 00:34:17]} {[%emt 00:01:53]} Qd5 {[%clk 00:50:56]} {[%emt
00:01:55]} 31. Rdc1 {[%clk 00:34:19]} {[%emt 00:00:28]} Kf7 {[%clk 00:50:32]}
{[%emt 00:00:53]} 32. Nb5 {[%clk 00:33:57]} {[%emt 00:00:53]} Ke7 {[%clk
00:46:31]} {[%emt 00:04:31]} 33. Nxa7 {[%clk 00:33:32]} {[%emt 00:00:55]} Ra8
{[%clk 00:42:46]} {[%emt 00:04:14]} 34. Nb5 {[%clk 00:31:48]} {[%emt 00:02:14]}
Qc6 {[%clk 00:42:53]} {[%emt 00:00:23]} 35. Nd4 {[%clk 00:30:31]} {[%emt
00:01:47]} Qc8 {[%clk 00:42:46]} {[%emt 00:00:38]} 36. c6 {[%clk 00:30:19]}
{[%emt 00:00:41]} Rxa3 {[%clk 00:42:36]} {[%emt 00:00:41]} 37. c7 {[%clk
00:30:08]} {[%emt 00:00:41]} Ra6 {[%clk 00:35:01]} {[%emt 00:08:05]} 38. Rb4
{[%clk 00:27:07]} {[%emt 00:03:30]} Ra8 {[%clk 00:32:29]} {[%emt 00:03:02]} 39.
Rb8 {[%clk 00:26:39]} {[%emt 00:00:59]} Rxb8 {[%clk 00:32:21]} {[%emt
00:00:38]} 40. Nc6+ {[%clk 00:27:03]} {[%emt 00:00:05]} Kd7 {[%clk 00:31:45]}
{[%emt 00:01:06]} 41. cxb8=Q {[%clk 00:27:20]} {[%emt 00:00:13]} 1-0

[Event "XLIV Memoriał Szachowy Ludwika Zamenhofa 2025, Grupa B"]
[Site "Bialystok, Poland"]
[Date "2025.12.29"]
[Round "5.28"]
[White "Kaminski, Maciej"]
[Black "Kozlowski, Kacper"]
[Result "1-0"]
[TimeControl "90'+30\""]
[WhiteElo "1884"]
[BlackElo "1764"]

1. Nf3 {[%clk 01:30:52]} {[%emt 00:00:08]} d5 {[%clk 01:30:09]} {[%emt
00:00:52]} 2. g3 {[%clk 01:31:13]} {[%emt 00:00:08]} b6 {[%clk 01:30:11]}
{[%emt 00:00:29]} 3. Bg2 {[%clk 01:30:03]} {[%emt 00:01:40]} Bb7 {[%clk
01:29:42]} {[%emt 00:00:59]} 4. O-O {[%clk 01:30:00]} {[%emt 00:00:33]} Nf6
{[%clk 01:30:05]} {[%emt 00:00:07]} 5. d4 {[%clk 01:29:54]} {[%emt 00:00:35]}
e6 {[%clk 01:30:09]} {[%emt 00:00:26]} 6. b3 {[%clk 01:25:27]} {[%emt
00:04:58]} Bd6 {[%clk 01:26:27]} {[%emt 00:04:11]} 7. Bb2 {[%clk 01:25:21]}
{[%emt 00:00:38]} O-O {[%clk 01:26:09]} {[%emt 00:00:47]} 8. c4 {[%clk
01:23:55]} {[%emt 00:01:56]} c5 {[%clk 01:24:21]} {[%emt 00:02:17]} 9. Nbd2
{[%clk 01:21:47]} {[%emt 00:02:38]} Nbd7 {[%clk 01:23:15]} {[%emt 00:01:36]} 10.
cxd5 {[%clk 01:20:13]} {[%emt 00:02:03]} exd5 {[%clk 01:23:10]} {[%emt
00:00:36]} 11. dxc5 {[%clk 01:17:58]} {[%emt 00:02:46]} bxc5 {[%clk 01:23:14]}
{[%emt 00:00:25]} 12. Nc4 {[%clk 01:18:07]} {[%emt 00:00:22]} Bc7 {[%clk
01:21:25]} {[%emt 00:02:19]} 13. Nce5 {[%clk 01:16:19]} {[%emt 00:02:18]} d4
{[%clk 01:19:37]} {[%emt 00:02:18]} 14. Nxd7 {[%clk 01:16:26]} {[%emt
00:00:23]} Qxd7 {[%clk 01:18:58]} {[%emt 00:01:08]} 15. b4 {[%clk 01:14:02]}
{[%emt 00:02:54]} cxb4 {[%clk 01:17:41]} {[%emt 00:01:48]} 16. Bxd4 {[%clk
01:05:17]} {[%emt 00:09:15]} Rfd8 {[%clk 01:15:55]} {[%emt 00:02:15]} 17. Qc2
{[%clk 01:00:27]} {[%emt 00:05:20]} Qc6 {[%clk 01:05:31]} {[%emt 00:10:54]} 18.
Qxc6 {[%clk 00:59:09]} {[%emt 00:01:50]} Bxc6 {[%clk 01:05:32]} {[%emt
00:00:28]} 19. Rac1 {[%clk 00:59:29]} {[%emt 00:00:09]} Bxf3 {[%clk 01:02:25]}
{[%emt 00:03:36]} 20. Bxf3 {[%clk 00:58:27]} {[%emt 00:01:33]} Nd5 {[%clk
01:00:44]} {[%emt 00:02:12]} 21. Rc5 {[%clk 00:57:56]} {[%emt 00:01:00]} Bb6
{[%clk 01:00:03]} {[%emt 00:01:12]} 22. Rxd5 {[%clk 00:57:57]} {[%emt
00:00:28]} Bxd4 {[%clk 01:00:26]} {[%emt 00:00:08]} 23. Rxd4 {[%clk 00:58:18]}
{[%emt 00:00:09]} Rxd4 {[%clk 01:00:48]} {[%emt 00:00:07]} 24. Bxa8 {[%clk
00:58:42]} {[%emt 00:00:07]} Rd2 {[%clk 01:01:16]} {[%emt 00:00:03]} 25. Rb1
{[%clk 00:58:10]} {[%emt 00:01:01]} a5 {[%clk 01:01:40]} {[%emt 00:00:06]} 26.
a3 {[%clk 00:57:27]} {[%emt 00:01:13]} 1-0

[Event "XLIV Memoriał Szachowy Ludwika Zamenhofa 2025, Grupa B"]
[Site "Bialystok, Poland"]
[Date "2025.12.29"]
[Round "5.29"]
[White "Bakalarz, Leszek"]
[Black "Lenkov, Stanislav"]
[Result "0-1"]
[TimeControl "90'+30\""]
[WhiteElo "1909"]
[BlackElo "1769"]

1. e4 {[%clk 01:31:00]} {[%emt 00:58:38]} c5 {[%clk 01:28:53]} {[%emt
00:02:09]} 2. Nf3 {[%clk 01:31:24]} {[%emt 00:00:06]} Nc6 {[%clk 01:29:05]}
{[%emt 00:00:18]} 3. d4 {[%clk 01:31:51]} {[%emt 00:00:04]} cxd4 {[%clk
01:29:13]} {[%emt 00:00:21]} 4. Nxd4 {[%clk 01:32:19]} {[%emt 00:00:02]} Nf6
{[%clk 01:29:33]} {[%emt 00:00:09]} 5. Nc3 {[%clk 01:32:44]} {[%emt 00:00:05]}
e5 {[%clk 01:29:09]} {[%emt 00:00:55]} 6. Ndb5 {[%clk 01:33:12]} {[%emt
00:00:03]} d6 {[%clk 01:29:09]} {[%emt 00:00:28]} 7. Bg5 {[%clk 01:33:39]}
{[%emt 00:00:04]} a6 {[%clk 01:29:19]} {[%emt 00:00:20]} 8. Na3 {[%clk
01:34:07]} {[%emt 00:00:01]} b5 {[%clk 01:29:48]} {[%emt 00:00:03]} 9. Nd5
{[%clk 01:34:24]} {[%emt 00:00:13]} Be7 {[%clk 01:30:08]} {[%emt 00:00:09]} 10.
Bxf6 {[%clk 01:34:42]} {[%emt 00:00:12]} Bxf6 {[%clk 01:30:15]} {[%emt
00:00:22]} 11. c3 {[%clk 01:35:10]} {[%emt 00:00:03]} Ne7 {[%clk 01:30:25]}
{[%emt 00:00:20]} 12. Nc2 {[%clk 01:33:01]} {[%emt 00:02:38]} Nxd5 {[%clk
01:25:17]} {[%emt 00:05:40]} 13. Qxd5 {[%clk 01:33:26]} {[%emt 00:00:04]} Rb8
{[%clk 01:25:26]} {[%emt 00:00:22]} 14. Nb4 {[%clk 01:04:49]} {[%emt 00:29:06]}
Bb7 {[%clk 01:24:36]} {[%emt 00:01:20]} 15. Qd3 {[%clk 01:05:10]} {[%emt
00:00:08]} O-O {[%clk 01:23:09]} {[%emt 00:01:58]} 16. Rd1 {[%clk 01:01:12]}
{[%emt 00:04:28]} Be7 {[%clk 01:21:37]} {[%emt 00:02:02]} 17. Be2 {[%clk
00:47:13]} {[%emt 00:14:28]} Qd7 {[%clk 01:14:02]} {[%emt 00:08:07]} 18. O-O
{[%clk 00:46:32]} {[%emt 00:01:11]} Qe6 {[%clk 01:02:48]} {[%emt 00:11:43]} 19.
Qc2 {[%clk 00:31:39]} {[%emt 00:15:23]} Rfd8 {[%clk 00:54:00]} {[%emt
00:09:18]} 20. Nd5 {[%clk 00:25:58]} {[%emt 00:06:11]} Bxd5 {[%clk 00:53:59]}
{[%emt 00:00:30]} 21. Rxd5 {[%clk 00:26:27]} {[%emt 00:00:02]} f5 {[%clk
00:54:27]} {[%emt 00:00:02]} 22. Rfd1 {[%clk 00:25:01]} {[%emt 00:01:56]} Rf8
{[%clk 00:52:19]} {[%emt 00:02:38]} 23. exf5 {[%clk 00:23:43]} {[%emt
00:01:48]} Qxf5 {[%clk 00:52:42]} {[%emt 00:00:06]} 24. Bd3 {[%clk 00:23:34]}
{[%emt 00:00:39]} Qh5 {[%clk 00:53:03]} {[%emt 00:00:09]} 25. Be4 {[%clk
00:23:50]} {[%emt 00:00:14]} g6 {[%clk 00:50:39]} {[%emt 00:02:55]} 26. R5d3
{[%clk 00:16:52]} {[%emt 00:07:27]} Kg7 {[%clk 00:47:24]} {[%emt 00:03:47]} 27.
Rh3 {[%clk 00:14:30]} {[%emt 00:02:50]} Qg5 {[%clk 00:47:15]} {[%emt 00:00:40]}
28. Rdd3 {[%clk 00:08:59]} {[%emt 00:06:01]} Rf4 {[%clk 00:45:44]} {[%emt
00:02:01]} 29. Rdg3 {[%clk 00:04:09]} {[%emt 00:05:19]} Rxe4 {[%clk 00:45:34]}
{[%emt 00:00:41]} 30. Kf1 {[%clk 00:03:48]} {[%emt 00:00:51]} Qf5 {[%clk
00:45:43]} {[%emt 00:00:20]} 31. Qd3 {[%clk 00:02:24]} {[%emt 00:01:54]} Rf4
{[%clk 00:45:22]} {[%emt 00:00:52]} 32. Qd2 {[%clk 00:02:12]} {[%emt 00:00:41]}
Rf8 {[%clk 00:45:15]} {[%emt 00:00:37]} 33. Rf3 {[%clk 00:02:31]} {[%emt
00:00:12]} Qb1+ {[%clk 00:45:07]} {[%emt 00:00:38]} 34. Ke2 {[%clk 00:03:00]}
{[%emt 00:00:02]} Re4+ {[%clk 00:45:08]} {[%emt 00:00:28]} 35. Re3 {[%clk
00:03:03]} {[%emt 00:00:27]} Bg5 {[%clk 00:44:37]} {[%emt 00:01:01]} 0-1